| 000 | 01630nam a2200253Ia 4500 | ||
|---|---|---|---|
| 003 | Ost | ||
| 005 | 20260507075051.0 | ||
| 008 | 260507s9999||||xx |||||||||||||| ||und|| | ||
| 020 | _a4058249960 | ||
| 040 | _cfsecg | ||
| 041 | _aara | ||
| 082 | _a600 | ||
| 100 |
_aهورنجرن، تشارلز _eمؤلف |
||
| 245 | 0 |
_aمحاسبة التكاليف : _bمدخل إداري / _c تشارلز هورنجرن |
|
| 250 | _aطبعة 2 | ||
| 260 |
_aالسعودية: _bدار المريخ للنشر, _c1996 |
||
| 300 |
_a625 صفحة؛ _bإيضاحات ؛ _c25 سم |
||
| 520 | _aتخصيص التكلفة والتكاليف- تخصيص تكاليف المنتجات المشتركة والمنتجات الفرعية- نظم تحديد تكلفة المرحلة- التلف والوحدات المعاد تشغيلها والعوادم- تحديد تكلفة العملية وتحديد التكلفة ارتجاعيا ومراقبة المشروع- اعداد الموازنة الرأسمالية وتحليل التكلفة- إعداد الموازنة الرأسمالية- قياس المزج والغلة والإنتاجية- إدارة التكلفة والجودة والوقت- إدارة المخزون وفي الموعد بالضبط- إختيار النظم اللامركزية وتحديد أسعار التحويل- إختيار النظر وقياس الأداء والمكافأة | ||
| 653 | _aالمحاسبة | ||
| 653 | _aمحاسبة التكاليف | ||
| 700 |
_aداتار، سريكانت _eمؤلف ثانوي |
||
| 700 |
_aفوستر، جورج _eمؤلف ثانوي |
||
| 942 | _cكتاب | ||
| 999 |
_c42641 _d42641 |
||